Libertad, razn̤ y normatividad

Bibliographic Details
Main Author: Gonzl̀ez Lagier, Daniel
Other Authors: Figueroa Rubio, Sebastiǹ
Format: eBook
Language:Spanish
Published: Lima: Palestra Editores, 2018
Subjects:
Online Access:Acceso restringido

MARC

LEADER 00000nam a22000007a 4500
005 20190830225220.0
007 cr|||| ||||
008 190830s2018 pe |||||s|||| 00||0 spa d
020 |a 978-612-325-035-5 
035 |a 24188 
040 |a vLex 
090 |c 9341  |d 9341 
100 1 |a Gonzl̀ez Lagier, Daniel 
245 1 0 |a Libertad, razn̤ y normatividad  |h [Recurso electrn̤ico] /  |c Daniel Gonzl̀ez Lagier, Sebastiǹ Figueroa Rubio 
256 |a Servicio en ln̕ea 
260 |a Lima:  |b Palestra Editores,  |c 2018 
300 |a 1 recurso electrn̤ico 
506 1 |a Disponible solo en los productos indicados  |d vLex Global  |d vLex Global (Academic Edition, excluding Law Schools)  |d vLex Global (U.S. Academic Edition, Law Schools)  |d vLex Global (U.S. Academic Edition, excluding Law Schools)  |d vLex Global (Academic Edition, Law Schools) 
650 0 4 |a Derecho Militar  |z Per︢ 
700 1 |a Figueroa Rubio, Sebastiǹ 
740 0 |a vLex Libros (Servicio en ln̕ea) 
856 4 0 |u http://vlex.com/source/libertad-razon-normatividad-24188  |z Acceso restringido 
942 |c BOOK 
999 0 |a Military Law